| 000 | 01226nam a2200325 u 4500 | ||
|---|---|---|---|
| 001 | 000004825 | ||
| 003 | DO-SdBPM | ||
| 005 | 20260507133931.0 | ||
| 007 | ta | ||
| 008 | 090727s2001 dr 001 0 spa d | ||
| 020 | _z99993425141 | ||
| 040 |
_aDO-SdBPM _bspa _cBPMSU _drda |
||
| 082 | 0 | 4 |
_a346.045 _bA657d 2001 _222 |
| 100 | 1 |
_aAquino, José Ángel _eautor _4aut. |
|
| 245 | 1 | 0 |
_aDerecho de la construcción / _cJosé Ángel Aquino. |
| 264 |
_aSanto Domingo : _bInstituto Tecnológico de Santo Domingo, _c2001. |
||
| 300 |
_a161 páginas : _bilustración, gráficos. ; _c23 cm. |
||
| 336 |
_atexto _btxt _2rdacontent |
||
| 337 |
_asin mediación _bn _2rdamedia |
||
| 338 |
_avolumen _bnc _2rdacarrier |
||
| 500 | _aIncluye índice temático. | ||
| 500 | _aIncluye datos biográficos del autor en la solapa de la contracubierta. | ||
| 500 | _aIncluye referencias bibliográficas y notas al pie de las páginas. | ||
| 504 | _aBibliografía: páginas 153-156 | ||
| 590 | _aInventariado, 2026/VM | ||
| 650 | 7 |
_aConstrucción _xLegislación _zRepública Dominicana |
|
| 650 | 7 |
_aConstrucción _xContratos y especificaciones _zRepública Dominicana |
|
| 910 | _aVMateo V. Control de calidad BPMSU | ||
| 942 |
_2ddc _cBK |
||
| 999 |
_c15831 _d15831 |
||